000 00598cam a2200193 a 4500
020 _a9780821372555
020 _a0821372556
020 _a9780821377567 (electronic)
020 _a0821377566 (electronic)
040 _cDLC
082 0 0 _a338 WOR 2009 A068 Or.
100 1 _aYusuf, Shahid,
245 1 0 _aDevelopment economics through the decades :
_ba critical look at 30 years of the world development report /
260 _aWashington, D.C. :
_bWorld Bank,
_cc2009.
300 _axiv, 188 p. :
_bill. ;
_c24 cm.
650 0 _aDevelopment economics.
700 1 _aDeaton, Angus.
942 _cEK
999 _c15039
_d15039